000 00478nam a2200181Ia 4500
001 23314
005 20260414150929.0
008 260414t2018||||xx |||||||||||||| ||spa||
041 _aESP
082 _a629.04
_bC17 2018
100 _aCal y Mayor Reyes Spíndola, Rafael
_eAUT
245 0 _aIngeniería de tránsito :
_bfundamentos y aplicaciones
260 _c2018
300 _axxiii, 711 páginas :
_c23 cm.
650 _a0
654 _aCIC
942 _cLIB
_dJUS
_fJUS
_2ddc
_n
999 _c23314
_d23314